00276pam a2200109 a 4500020000500000041000500005082001500010100003000025245006300055260003100118300001700149 c h a743.6bPIN aPolly Pinder Susie Hodge. aHow to draw Animals in Simple Steps hTextual Documents a[s.l]:bSear press U. k. . a144:bpaper.